Normal view
MARC view
- السلطتين التنفيذية والتشريعية /البرلمان
Entry Topical Term
001 - CONTROL NUMBER
- control field: 44566
003 - CONTROL NUMBER IDENTIFIER
- control field: JO-AjAnu
005 - DATE AND TIME OF LATEST TRANSACTION
- control field: 20230606081358.0
008 - FIXED-LENGTH DATA ELEMENTS
- fixed length control field: 230606|| aca||aabn | a|a d
040 ## - CATALOGING SOURCE
- Original cataloging agency: JO-AjAnu
- Transcribing agency: JO-AjAnu
150 ## - HEADING--TOPICAL TERM
- Topical term or geographic name entry element: السلطتين التنفيذية والتشريعية /البرلمان
670 ## - SOURCE DATA FOUND
- Source citation: Work cat.: (JO-AjAnu)22820: شبر، رافع خضر صالح, author 44565, فصل السلطتين التنفيذية والتشريعية في النظام البرلماني